00773nam a2200241 a 4500001001300000003000900013005001700022008004100039020001000080082001900090100002700109245001700136260003800153300000900191500003500200505009100235650002900326700002700355902000800382942000700390952011900397999001500516nice12345678IN_TiNIC20260116011709.0050524s0000 laha grp 000 0 eng  ac10000a297.12207bILA aIlahi, Mohammad Manzur aQuran Primer aLahorebDarul Kutub Islamiac0000 a29p. aincludes index and biblioraphy2 aalso contains nishan-e-asmani, asmani faisla siraj-e-munir and risala tuhfa-e-baghdad. aQuran-Study and Teaching1 aIlahi, Mohammad Manzur bSRS cBK 001040708StackRoom-aHMIbHMId2007-07-30g100.00l0o297.12207 ILAp06469r2016-11-30v100.00w2005-05-24yBK c3444d3444